000 00485nam a22001817a 4500
005 20231115130013.0
008 231115b |||||||| |||| 00| 0 eng d
020 _a0702126373
041 _aEnglish
082 _a344.1 LAB
100 _lEnglish
245 _aLabour Law /
_cBennett, TW
250 _a
260 _aCape Town :
_bJuta and Company Ltd,
_c1991
300 _b143 pages ;
_c24 cm.
650 _aLegal practice
_bLaw
942 _cBK
_6ALISON_BN_VRIES
999 _c680
_d680